東京都にある漢字4文字の駅 - Statistics

General Stats
  • This quiz has been taken 54 times
  • The average score is 79 of 114
Answer Stats
Hint Answer % Correct
新宿区 高田馬場
95%
八王子市 西八王子
95%
新宿区 新大久保
93%
国分寺市 西国分寺
93%
北区 赤羽岩淵
91%
新宿区 西武新宿
91%
小金井市 東小金井
91%
府中市 府中本町
91%
板橋区 西高島平
89%
府中市 分倍河原
89%
港区 赤坂見附
86%
大田区 京急蒲田
86%
板橋区 新高島平
86%
荒川区 西日暮里
86%
台東区 京成上野
84%
葛飾区 京成高砂
84%
中野区 中野坂上
84%
中央区 東日本橋
84%
目黒区 学芸大学
82%
台東区 新御徒町
82%
中央区 新日本橋
82%
世田谷区 千歳船橋
82%
世田谷区 二子玉川
82%
板橋区 板橋本町
80%
練馬区 小竹向原
80%
世田谷区 三軒茶屋
80%
港区 白金高輪
80%
立川市 西武立川
80%
世田谷区 千歳烏山
80%
目黒区 都立大学
80%
東久留米市 東久留米
80%
稲城市 稲城長沼
77%
葛飾区 京成金町
77%
江戸川区 京成小岩
77%
杉並区 新高円寺
77%
小金井市 新小金井
77%
千代田区 溜池山王
77%
大田区 田園調布
77%
中野区 中野新橋
77%
中央区 馬喰横山
77%
東大和市 東大和市
77%
品川区 青物横丁
75%
北区 王子神谷
75%
練馬区 上石神井
75%
世田谷区 下高井戸
75%
新宿区 新宿西口
75%
杉並区 東高円寺
75%
品川区 武蔵小山
75%
江東区 門前仲町
75%
江東区 清澄白河
73%
大田区 新整備場
73%
八王子市 高尾山口
73%
板橋区 東武練馬
73%
新宿区 西早稲田
73%
小平市 花小金井
73%
大田区 六郷土手
73%
世田谷区 池尻大橋
70%
墨田区 京成曳舟
70%
中央区 水天宮前
70%
立川市 玉川上水
70%
足立区 舎人公園
70%
練馬区 大泉学園
68%
豊島区 大塚駅前
68%
品川区 大森海岸
68%
世田谷区 駒沢大学
68%
板橋区 志村坂上
68%
品川区 戸越銀座
68%
北区 浮間舟渡
66%
八王子市 北八王子
66%
足立区 京成関屋
66%
葛飾区 京成立石
66%
足立区 千住大橋
66%
日野市 高幡不動
66%
台東区 仲御徒町
66%
大田区 穴守稲荷
64%
北区 王子駅前
64%
多摩市 京王永山
64%
港区 麻布十番
61%
足立区 足立小台
61%
文京区 江戸川橋
61%
荒川区 新三河島
61%
あきる野市 武蔵引田
61%
新宿区 若松河田
61%
中野区 新江古田
59%
中央区 築地市場
59%
千代田区 二重橋前
59%
新宿区 牛込柳町
57%
小平市 青梅街道
57%
江東区 亀戸水神
57%
八王子市 京王片倉
57%
中央区 小伝馬町
57%
府中市 多磨霊園
57%
中野区 都立家政
57%
あきる野市 武蔵増戸
57%
品川区 戸越公園
55%
小平市 一橋学園
55%
府中市 武蔵野台
55%
世田谷区 芦花公園
55%
西東京市 西武柳沢
52%
荒川区 町屋駅前
52%
大田区 武蔵新田
52%
青梅市 日向和田
50%
品川区 荏原中延
48%
府中市 競艇場前
48%
練馬区 富士見台
48%
東村山市 武蔵大和
48%
豊島区 新庚申塚
45%
立川市 武蔵砂川
45%
立川市 砂川七番
43%
世田谷区 西太子堂
43%
日野市 甲州街道
41%
豊島区 学習院下
39%
立川市 泉体育館
32%
豊島区 巣鴨新田
30%
No matching quizzes found
Score Distribution
Percent of People with Each Score
Percentile by Number Answered
Your Score History
You have not taken this quiz